000 02539cam a2200205 4500500
005 20260111150243.0
041 _afre
042 _adc
100 1 0 _aGonzález Alcantud, José Antonio
_eauthor
700 1 0 _aRené, Jean
_eauthor
700 1 0 _aTrochet, Nani
_eauthor
245 0 0 _aSabine Doering-Manteuffel, L’Occulte. Histoire d’un succès à l’ombre des Lumières. De Gutenberg au World Wide Web (traduit de l’allemand par Olivier Mannoni), Paris, éditions de la MSH, Bibliothèque allemande, 2011, 288 p.
260 _c2013.
500 _a53
520 _aÀ travers l’étude anthropologique de deux ensembles monumentaux d’origine islamique, l’Alhambra de Grenade et la Chellah de Rabat, l’auteur introduit le concept de « patrimoine vivant » en opposition aux regards aujourd’hui dominants de l’archéologue ou de l’amateur d’art. Ce concept se veut aussi une alternative à celui, plus ambigu, de « patrimoine immatériel », largement accepté dans les milieux anthropologiques, mais qui brouille la perception. Il illustre bien la notion de « malaise dans la civilisation » inventée par Freud.
520 _aDiscontent in heritage : the case of the Alhambra of Grenade and the Chellah of RabatExamining two architectural groupings of Islamic origin, the Alhambra of Grenade and the Chellah of Rabat, the author offers the concept of “living heritage” as opposed to the contemporary trends that prefer to consider these places from an archeological or esthetic point of view. An alternative to the ambiguous notion of “intangible heritage”, widely circulated in the anthropological world which tends to blur the analysis, this concept is related to the notion of “civilization and its discontents” as proposed by Freud.
520 _aAm Beispiel von zwei islamischen Prachtbauten, der Alhambra in Grenada und der Chellah in Rabat entwickelt der Autor in seiner anthropologischen Studie das Konzept eines „lebendigen Kulturerbes“, das er den gebräuchlichen, archäologischen und ästhetisierenden Konzepten gegenüberstellt. Das Konzept soll ebenfalls eine Alternative zum Konzept des „immateriellen Kulturerbes“sein. Dieses ist zwar in weiten Kreisen der Anthropologie akzeptiert, betont aber zu sehr die freudsche Kategorie des Unbehagens in der Zivilisation.
786 0 _nEthnologie française | 43 | 3 | 2013-06-19 | p. 541d-546d | 0046-2616
856 4 1 _uhttps://shs.cairn.info/revue-ethnologie-francaise-2013-3-page-541d?lang=fr&redirect-ssocas=7080
999 _c1637300
_d1637300